000 00365nam a2200133 i 4500
001 bg
100 1 _aMICHOŃ, Ferdynand.
245 0 _aProblemy psychosocjologiczne w zarządzaniu przedsiębiorstwem.
_nCz.1.
_nNr 54 /
_cFerdynand Michoń.
260 _aWarszawa,
_c1969.
040 _cBPK
041 _apol
942 _cKS
008 s pl f |000 0 pol
999 _c7504
_d7504
856 _uhttp://koha.tu.koszalin.pl/cgi-bin/koha/opac-detail.pl?biblionumber=7504
_yKatalog online BPK